Countries Ending In "O" - Statistics

General Stats
  • This quiz has been taken 1,965 times
    1,907 since last reset
  • The average score is 8 of 12
Answer Stats
Country % Correct
Togo
86%
Lesotho
82%
Kosovo
79%
Monaco
74%
Morocco
74%
Dem. Rep. Congo
71%
Rep. Congo
71%
Mexico
69%
Montenegro
67%
San Marino
58%
Trinidad and Tobago
57%
Burkina Faso
54%
No matching quizzes found
Score Distribution
Percent of People with Each Score
Percentile by Number Answered
Your Score History
You have not taken this quiz since the last reset